[Event "CRO-chT1B 30th"]
[Site "Porec"]
[Date "2022.09.28"]
[Round "5.44"]
[White "Majeric, Zoran"]
[Black "Bilobrk, Franjo"]
[Result "1-0"]
[WhiteElo "2247"]
[BlackElo "2341"]
[PlyCount "63"]
[EventDate "2022.09.24"]
[EventType "team-tourn"]
[EventRounds "9"]
[EventCountry "CRO"]
[SourceTitle "CBM 210 Extra"]
[Source "ChessBase"]
[SourceDate "2022.11.30"]
[SourceVersion "1"]
[SourceVersionDate "2022.11.30"]
[SourceQuality "1"]
[WhiteTeam "Pozega"]
[BlackTeam "Bibinje Goran"]
[WhiteTeamCountry "CRO"]
[BlackTeamCountry "CRO"]

1. e4 c5 2. Nf3 e6 3. Nc3 a6 4. d4 cxd4 5. Nxd4 Nc6 6. Nxc6 bxc6 7. Bd3 d5 8. 0-0 Nf6 9. Qe2 Be7 10. f4 c5 11. e5 c4 12. exf6 Bc5+ 13. Be3 cxd3 14. fxg7 Rg8 15. Qxd3 Bxe3+ 16. Qxe3 Rxg7 17. Rad1 Bb7 18. Rf2 Rc8 19. f5 Qg5 20. Qb6 Bc6 21. Qxa6 Kd7 22. Qa7+ Rc7 23. Qd4 Kc8 24. g3 h5 25. fxe6 fxe6 26. Re1 h4 27. Rf8+ Kb7 28. Qb4+ Ka6 29. Qa3+ Kb7 30. Qb4+ Ka6 31. Na4 Bb5 32. Rxe6+ 1-0

[Event "CRO-chT1B 28th"]
[Site "Mali Losinj"]
[Date "2019.10.02"]
[Round "5.43"]
[White "Bilobrk, Franjo"]
[Black "Zufic, Miroslav"]
[Result "1/2-1/2"]
[WhiteElo "2334"]
[BlackElo "2382"]
[PlyCount "62"]
[EventDate "2019.09.28"]
[EventType "team-tourn"]
[EventRounds "9"]
[EventCountry "CRO"]
[SourceTitle "EXT 2020"]
[Source "ChessBase"]
[SourceDate "2019.10.17"]
[SourceVersion "1"]
[SourceVersionDate "2019.10.17"]
[SourceQuality "1"]
[WhiteTeam "Bibinje Goran"]
[BlackTeam "Pula"]
[WhiteTeamCountry "CRO"]
[BlackTeamCountry "CRO"]

1. d4 Nf6 2. c4 e6 3. Nf3 d5 4. Nc3 Nbd7 5. cxd5 exd5 6. Bg5 Be7 7. e3 c6 8. Bd3 Nh5 9. Bxe7 Qxe7 10. 0-0 Nhf6 11. Qc2 0-0 12. Rab1 Re8 13. b4 a6 14. a4 Nb6 15. Ne5 g6 16. a5 Nbd7 17. f4 Nh5 18. Rfe1 Nf8 19. Na4 f6 20. Nb6 Rb8 21. Nf3 Bg4 22. Nd2 Ng7 23. Qc5 Nfe6 24. Qxe7 Rxe7 25. Rbc1 Rbe8 26. Kf2 Bf5 27. Be2 h5 28. Na4 Bg4 29. Bd3 Bf5 30. Be2 Bg4 31. Bd3 Bf5 1/2-1/2

[Event "CRO-chT1B 28th"]
[Site "Mali Losinj"]
[Date "2019.09.30"]
[Round "3.53"]
[White "Bilobrk, Franjo"]
[Black "Cop, Tomislav"]
[Result "1/2-1/2"]
[WhiteElo "2334"]
[BlackElo "2349"]
[PlyCount "79"]
[EventDate "2019.09.28"]
[EventType "team-tourn"]
[EventRounds "9"]
[EventCountry "CRO"]
[SourceTitle "EXT 2020"]
[Source "ChessBase"]
[SourceDate "2019.10.17"]
[SourceVersion "1"]
[SourceVersionDate "2019.10.17"]
[SourceQuality "1"]
[WhiteTeam "Bibinje Goran"]
[BlackTeam "Bjelovar"]
[WhiteTeamCountry "CRO"]
[BlackTeamCountry "CRO"]

1. d4 Nf6 2. c4 g6 3. Nc3 Bg7 4. e4 d6 5. h3 0-0 6. Bg5 Nbd7 7. Nf3 e5 8. d5 a5 9. g4 Nc5 10. Nd2 Qe8 11. Be2 Bd7 12. Be3 Qb8 13. Qc2 c6 14. Nb3 Nxb3 15. Qxb3 a4 16. Qc2 cxd5 17. exd5 Rc8 18. Qd2 Be8 19. Rc1 Nd7 20. f3 Nc5 21. Ne4 b6 22. h4 Ra7 23. h5 f6 24. hxg6 hxg6 25. Bh6 Nxe4 26. fxe4 g5 27. Rc3 Bg6 28. Bxg7 Rxg7 29. Qe3 Rcc7 30. Qf3 Rgf7 31. Kd2 Qa7 32. Rh6 Kg7 33. Rxg6+ Kxg6 34. Qf5+ Kg7 35. Rh3 b5 36. Rh7+ Kg8 37. Qg6+ Rg7 38. Rxg7+ Rxg7 39. Qe8+ Kh7 40. Qh5+ 1/2-1/2

[Event "Split op 9th"]
[Site "Split"]
[Date "2019.08.10"]
[Round "8"]
[White "Warmerdam, Max"]
[Black "Bilobrk, Franjo"]
[Result "1-0"]
[WhiteElo "2484"]
[BlackElo "2342"]
[PlyCount "77"]
[EventDate "2019.08.03"]
[EventType "swiss"]
[EventRounds "9"]
[EventCountry "CRO"]
[SourceTitle "CBM 191 Extra"]
[Source "ChessBase"]
[SourceDate "2019.09.30"]
[SourceVersion "1"]
[SourceVersionDate "2019.09.30"]
[SourceQuality "1"]

1. e4 c5 2. Nf3 Nc6 3. d4 cxd4 4. Nxd4 Nf6 5. Nc3 e5 6. Ndb5 d6 7. Nd5 Nxd5 8. exd5 Ne7 9. c4 Ng6 10. h4 h5 11. Qa4 Bd7 12. Qb4 Qb8 13. Bg5 a6 14. Nc3 f6 15. Bd3 Kf7 16. Be3 f5 17. Na4 e4 18. Be2 Bxa4 19. Qxa4 Ne5 20. Bd4 Qe8 21. Qb3 Rb8 22. 0-0 b5 23. cxb5 axb5 24. Rac1 Kg8 25. Rc7 Qd8 26. Rfc1 Ng4 27. g3 Be7 28. Ba7 Ra8 29. Bxb5 Kh7 30. Bd7 Rf8 31. Qb7 Ne5 32. Be6 Bf6 33. Bxf5+ Kh8 34. Rc8 Nf3+ 35. Kh1 Rxc8 36. Rxc8 Qe7 37. Qxe7 Bxe7 38. Rxf8+ Bxf8 39. Bxe4 1-0

[Event "Split op 9th"]
[Site "Split"]
[Date "2019.08.08"]
[Round "6"]
[White "Bodi, Tibor"]
[Black "Bilobrk, Franjo"]
[Result "0-1"]
[WhiteElo "2244"]
[BlackElo "2342"]
[PlyCount "56"]
[EventDate "2019.08.03"]
[EventType "swiss"]
[EventRounds "9"]
[EventCountry "CRO"]
[SourceTitle "CBM 191 Extra"]
[Source "ChessBase"]
[SourceDate "2019.09.30"]
[SourceVersion "1"]
[SourceVersionDate "2019.09.30"]
[SourceQuality "1"]

1. Nf3 d5 2. b3 Bg4 3. e3 Nd7 4. Bb2 Ngf6 5. Be2 e6 6. Ne5 Bxe2 7. Qxe2 Be7 8. 0-0 Nxe5 9. Bxe5 0-0 10. f4 Nd7 11. Bc3 Bf6 12. Bxf6 Nxf6 13. d3 Qd6 14. Nd2 e5 15. f5 Rfe8 16. Kh1 e4 17. dxe4 Nxe4 18. Nxe4 Rxe4 19. Rad1 Rae8 20. Qb5 c6 21. Qxb7 Rxe3 22. Qxa7 c5 23. Qb7 d4 24. a4 h5 25. a5 Rb8 26. Qxb8+ Qxb8 27. Ra1 Qa8 28. a6 Re2 0-1

[Event "Zadar op-A 25th"]
[Site "Zadar"]
[Date "2018.12.21"]
[Round "8"]
[White "Sapale, Saloni"]
[Black "Bilobrk, Franjo"]
[Result "0-1"]
[WhiteElo "2187"]
[BlackElo "2364"]
[PlyCount "90"]
[EventDate "2018.12.15"]
[EventType "swiss"]
[EventRounds "9"]
[EventCountry "CRO"]
[SourceTitle "CBM 187 Extra"]
[Source "ChessBase"]
[SourceDate "2018.11.04"]
[SourceVersion "1"]
[SourceVersionDate "2018.11.04"]
[SourceQuality "1"]

1. e4 c5 2. Nf3 d6 3. d4 cxd4 4. Nxd4 Nf6 5. Nc3 a6 6. Be3 e5 7. Nb3 Be6 8. f3 h5 9. Qd2 Nbd7 10. Nd5 Bxd5 11. exd5 g6 12. Be2 Bg7 13. 0-0 0-0 14. Na5 Qc7 15. c4 e4 16. f4 Ng4 17. Bxg4 hxg4 18. Rac1 Nc5 19. b4 Nd3 20. Rc2 b6 21. Nc6 f5 22. c5 bxc5 23. bxc5 Rf7 24. Nb4 Nxc5 25. Rfc1 Qb6 26. Nc6 Re8 27. Qf2 Bf8 28. Bxc5 dxc5 29. Ne5 Bg7 30. Rxc5 Rb7 31. Rc8 Rxc8 32. Rxc8+ Kh7 33. Qxb6 Rxb6 34. Rc6 Rb5 35. Rd6 g5 36. g3 Bxe5 37. fxe5 f4 38. gxf4 gxf4 39. Rf6 Rb1+ 40. Kg2 Rb2+ 41. Kg1 f3 42. Rc6 e3 43. Rc1 Rg2+ 44. Kh1 e2 45. d6 f2 0-1

[Event "Zadar op-A 25th"]
[Site "Zadar"]
[Date "2018.12.17"]
[Round "4"]
[White "Bilobrk, Franjo"]
[Black "Blagojevic, Tijana"]
[Result "1/2-1/2"]
[WhiteElo "2364"]
[BlackElo "2208"]
[PlyCount "68"]
[EventDate "2018.12.15"]
[EventType "swiss"]
[EventRounds "9"]
[EventCountry "CRO"]
[SourceTitle "CBM 187 Extra"]
[Source "ChessBase"]
[SourceDate "2018.11.04"]
[SourceVersion "1"]
[SourceVersionDate "2018.11.04"]
[SourceQuality "1"]

1. d4 d5 2. c4 c6 3. Nf3 Nf6 4. Nc3 e6 5. Bg5 Nbd7 6. e3 Qa5 7. cxd5 Nxd5 8. Rc1 h6 9. Bh4 Nxc3 10. bxc3 Ba3 11. Rc2 b6 12. Be2 Ba6 13. 0-0 Bxe2 14. Qxe2 0-0 15. e4 Qa4 16. Rd1 Rfe8 17. c4 Rac8 18. e5 b5 19. c5 Nf8 20. g4 Rc7 21. Rc3 Rd7 22. Rdd3 Bb4 23. Rb3 Ng6 24. Bg3 Ne7 25. h4 Nd5 26. h5 Ba5 27. Ra3 Qb4 28. Nd2 Bd8 29. Ne4 Be7 30. Qd1 Qc4 31. Nd2 Qb4 32. Ne4 Qc4 33. Nd2 Qb4 34. Ne4 Qc4 1/2-1/2

[Event "Zadar op-A 25th"]
[Site "Zadar"]
[Date "2018.12.16"]
[Round "2"]
[White "Bilobrk, Franjo"]
[Black "Warakomska, Anna"]
[Result "1-0"]
[WhiteElo "2364"]
[BlackElo "2233"]
[PlyCount "91"]
[EventDate "2018.12.15"]
[EventType "swiss"]
[EventRounds "9"]
[EventCountry "CRO"]
[SourceTitle "CBM 187 Extra"]
[Source "ChessBase"]
[SourceDate "2018.11.04"]
[SourceVersion "1"]
[SourceVersionDate "2018.11.04"]
[SourceQuality "1"]

1. d4 d5 2. c4 c6 3. Nf3 Nf6 4. Nc3 dxc4 5. a4 Bf5 6. Ne5 e6 7. f3 Bb4 8. e4 Bxe4 9. fxe4 Nxe4 10. Bd2 Qxd4 11. Nxe4 Qxe4+ 12. Qe2 Bxd2+ 13. Kxd2 Qd5+ 14. Kc2 Na6 15. Nxc4 0-0-0 16. Qe5 f6 17. Qxd5 cxd5 18. Na3 Nc5 19. b4 Ne4 20. a5 e5 21. a6 b6 22. Bd3 Nd6 23. Rhd1 Kd7 24. Kb3 f5 25. Rac1 Rc8 26. Nb5 e4 27. Nxd6 Rxc1 28. Rxc1 Kxd6 29. Bb5 d4 30. Rc6+ Ke5 31. Rc7 d3 32. Kc3 Rd8 33. Rxa7 d2 34. Be2 d1Q 35. Bxd1 Rxd1 36. Re7+ Kf4 37. Kc4 Rd2 38. a7 Ra2 39. Kb5 Ke3 40. Kxb6 Kd2 41. b5 e3 42. Kb7 e2 43. a8Q Rxa8 44. Kxa8 e1Q 45. Rxe1 Kxe1 46. b6 1-0

[Event "CRO-chT1B 27th"]
[Site "Biograd"]
[Date "2018.09.20"]
[Round "6.33"]
[White "Zilka, Stepan"]
[Black "Bilobrk, Franjo"]
[Result "1/2-1/2"]
[WhiteElo "2521"]
[BlackElo "2360"]
[PlyCount "66"]
[EventDate "2018.09.15"]
[EventType "team-swiss"]
[EventRounds "9"]
[EventCountry "CRO"]
[SourceTitle "CBM 186 Extra"]
[Source "ChessBase"]
[SourceDate "2018.08.24"]
[SourceVersion "1"]
[SourceVersionDate "2018.08.24"]
[SourceQuality "1"]
[WhiteTeam "Zagreb Hask Mladost"]
[BlackTeam "Bibinje Goran"]
[WhiteTeamCountry "CRO"]
[BlackTeamCountry "CRO"]

1. e4 c5 2. Nf3 d6 3. d4 cxd4 4. Nxd4 Nf6 5. Nc3 a6 6. Be3 e5 7. Nb3 Be6 8. f3 Nbd7 9. Qd2 h5 10. Nd5 Bxd5 11. exd5 g6 12. c4 a5 13. Be2 a4 14. Nc1 Qa5 15. Qxa5 Rxa5 16. Nd3 Bh6 17. Bxh6 Rxh6 18. Kd2 Rh8 19. b4 axb3 20. axb3 Rxa1 21. Rxa1 Ke7 22. Ra7 Rb8 23. f4 exf4 24. Nxf4 Kd8 25. b4 Kc7 26. Ra3 Re8 27. h4 Re4 28. g3 Ne5 29. Rc3 Rd4+ 30. Ke3 Re4+ 31. Kd2 Rd4+ 32. Ke3 Re4+ 33. Kd2 Rd4+ 1/2-1/2

[Event "CRO-chT1B 27th"]
[Site "Biograd"]
[Date "2018.09.19"]
[Round "5.43"]
[White "Bilobrk, Franjo"]
[Black "Dabo Peranic, Robert"]
[Result "1-0"]
[WhiteElo "2360"]
[BlackElo "2284"]
[PlyCount "81"]
[EventDate "2018.09.15"]
[EventType "team-swiss"]
[EventRounds "9"]
[EventCountry "CRO"]
[SourceTitle "CBM 186 Extra"]
[Source "ChessBase"]
[SourceDate "2018.08.24"]
[SourceVersion "1"]
[SourceVersionDate "2018.08.24"]
[SourceQuality "1"]
[WhiteTeam "Bibinje Goran"]
[BlackTeam "Slavonski Brod Dakovic"]
[WhiteTeamCountry "CRO"]
[BlackTeamCountry "CRO"]

1. d4 d5 2. c4 dxc4 3. Nf3 Nf6 4. e3 e6 5. Bxc4 c5 6. 0-0 Nc6 7. Nc3 a6 8. a4 Be7 9. d5 exd5 10. Nxd5 0-0 11. Nxe7+ Qxe7 12. h3 Bf5 13. Bd2 Rad8 14. Qe2 Nd5 15. Rfd1 Ndb4 16. Bc3 Bc2 17. Rxd8 Rxd8 18. Ne1 Be4 19. Qg4 g6 20. Qf4 Nd5 21. Bxd5 Rxd5 22. f3 Bd3 23. e4 Rd6 24. Qe3 c4 25. Rd1 Qd7 26. Kf2 f5 27. Nxd3 cxd3 28. exf5 gxf5 29. a5 h6 30. g4 Kh7 31. gxf5 Qxf5 32. Qe4 Qxe4 33. fxe4 Kg6 34. Ke3 Kh5 35. Rxd3 Rg6 36. Kf4 Rg1 37. Kf5 Rg5+ 38. Kf6 Rg6+ 39. Kf7 Rg2 40. Bf6 Rf2 41. Rd5+ 1-0

[Event "CRO-chT1B 26th"]
[Site "Mali Losinj"]
[Date "2017.10.03"]
[Round "6.34"]
[White "Bilobrk, Franjo"]
[Black "Bender, Ivan"]
[Result "1-0"]
[WhiteElo "2362"]
[BlackElo "2231"]
[PlyCount "65"]
[EventDate "2017.09.28"]
[EventType "team-tourn"]
[EventRounds "9"]
[EventCountry "CRO"]
[SourceTitle "EXT 2018"]
[Source "ChessBase"]
[SourceDate "2017.10.13"]
[SourceVersion "1"]
[SourceVersionDate "2017.10.13"]
[SourceQuality "1"]
[WhiteTeam "Bibinje Goran"]
[BlackTeam "Dubrovnik"]
[WhiteTeamCountry "CRO"]
[BlackTeamCountry "CRO"]

1. d4 d5 2. c4 e6 3. Nf3 Nf6 4. g3 Bb4+ 5. Bd2 Be7 6. Bg2 0-0 7. 0-0 c6 8. Na3 Nbd7 9. Rc1 Ne4 10. Be3 Bxa3 11. bxa3 Nb6 12. c5 Nc4 13. Rxc4 dxc4 14. Qc2 Nf6 15. Qxc4 Nd5 16. Bd2 b5 17. Qc2 f6 18. e4 Ne7 19. Bf4 e5 20. dxe5 Ng6 21. Rd1 Qe8 22. exf6 Nxf4 23. gxf4 Bg4 24. Rd6 Bxf3 25. Qb3+ Rf7 26. Bxf3 a5 27. e5 a4 28. Qd3 Rc7 29. f7+ Kxf7 30. Qxh7 Qh8 31. Qf5+ Ke7 32. Bxc6 Raa7 33. Qe6+ 1-0

[Event "CRO-chT1B 26th"]
[Site "Mali Losinj"]
[Date "2017.09.28"]
[Round "1.5"]
[White "Bilobrk, Franjo"]
[Black "Biti, Ozren"]
[Result "1/2-1/2"]
[WhiteElo "2362"]
[BlackElo "2345"]
[PlyCount "63"]
[EventDate "2017.09.28"]
[EventType "team-tourn"]
[EventRounds "9"]
[EventCountry "CRO"]
[SourceTitle "EXT 2018"]
[Source "ChessBase"]
[SourceDate "2017.10.13"]
[SourceVersion "1"]
[SourceVersionDate "2017.10.13"]
[SourceQuality "1"]
[WhiteTeam "Bibinje Goran"]
[BlackTeam "Djakovo Limmont"]
[WhiteTeamCountry "CRO"]
[BlackTeamCountry "CRO"]

1. d4 d6 2. Nf3 g6 3. g3 Bg7 4. Bg2 Nd7 5. c4 e5 6. Nc3 Nh6 7. e4 0-0 8. 0-0 c6 9. h3 f5 10. dxe5 Nxe5 11. Nxe5 dxe5 12. Qxd8 Rxd8 13. Re1 Nf7 14. Be3 Be6 15. Bf1 Nd6 16. Bg5 Re8 17. c5 Nf7 18. Be3 Rad8 19. Rad1 Kf8 20. Bg2 Rxd1 21. Rxd1 Rd8 22. Rc1 Bh6 23. Bxh6+ Nxh6 24. exf5 gxf5 25. b4 Rd4 26. a3 Nf7 27. f4 Rd3 28. Kf2 Rd2+ 29. Kg1 Rd3 30. Kf2 Rd2+ 31. Kg1 Rd3 32. Kf2 1/2-1/2

[Event "Zadar op-A 23rd"]
[Site "Zadar"]
[Date "2016.12.16"]
[Round "8"]
[White "Bilobrk, Franjo"]
[Black "Krstulovic, Alex"]
[Result "1/2-1/2"]
[WhiteElo "2354"]
[BlackElo "2258"]
[PlyCount "71"]
[EventDate "2016.12.11"]
[EventType "swiss"]
[EventRounds "9"]
[EventCountry "CRO"]
[SourceTitle "CBM 176 Extra"]
[Source "ChessBase"]
[SourceDate "2017.03.02"]
[SourceVersion "1"]
[SourceVersionDate "2017.03.02"]
[SourceQuality "1"]

1. d4 d5 2. c4 c6 3. Nf3 Nf6 4. Nc3 dxc4 5. a4 Bf5 6. e3 e6 7. Bxc4 Bb4 8. 0-0 0-0 9. Qe2 Ne4 10. Nxe4 Bxe4 11. Rd1 Nd7 12. Bd3 Nf6 13. Ne5 a5 14. Bxe4 Nxe4 15. f3 Nf6 16. e4 Nd7 17. Nd3 Bd6 18. Be3 Qe7 19. Rac1 f5 20. Bf2 Rae8 21. Qe1 fxe4 22. Qxe4 e5 23. dxe5 Nxe5 24. Nxe5 Qxe5 25. Qxe5 Bxe5 26. b3 Bc7 27. Rd7 Rf7 28. Rcd1 Ree7 29. Rxe7 Rxe7 30. Kf1 h5 31. h3 b6 32. Rd3 Kh7 33. Rd4 Kg8 34. Rd3 Kh7 35. Bh4 Re6 36. Bf2 1/2-1/2

[Event "Zadar op-A 23rd"]
[Site "Zadar"]
[Date "2016.12.13"]
[Round "4"]
[White "Bilobrk, Franjo"]
[Black "Blohberger, Felix"]
[Result "1-0"]
[WhiteElo "2354"]
[BlackElo "2272"]
[PlyCount "71"]
[EventDate "2016.12.11"]
[EventType "swiss"]
[EventRounds "9"]
[EventCountry "CRO"]
[SourceTitle "CBM 176 Extra"]
[Source "ChessBase"]
[SourceDate "2017.03.02"]
[SourceVersion "1"]
[SourceVersionDate "2017.03.02"]
[SourceQuality "1"]

1. d4 Nf6 2. c4 g6 3. Nc3 d5 4. Nf3 Bg7 5. Qb3 dxc4 6. Qxc4 0-0 7. e4 a6 8. Qb3 b5 9. a4 Bb7 10. e5 Nfd7 11. axb5 axb5 12. Rxa8 Bxa8 13. Qxb5 Bxf3 14. gxf3 c5 15. dxc5 Nxe5 16. Be2 Nbc6 17. Be3 Nd4 18. Bxd4 Qxd4 19. 0-0 Qh4 20. Qa4 Qh3 21. Qe4 g5 22. Rd1 f5 23. Qd5+ Kh8 24. Kh1 e6 25. Qb7 Qh4 26. Qc7 g4 27. f4 Nf3 28. Bxf3 gxf3 29. Rg1 Rg8 30. Rg3 Bxc3 31. bxc3 Rxg3 32. fxg3 Qg4 33. Qe5+ Kg8 34. Qxe6+ Kf8 35. Kg1 Qh3 36. Qc8+ 1-0

[Event "CRO-chT1B 25th"]
[Site "Sibenik"]
[Date "2016.10.15"]
[Round "8.4"]
[White "Tesla, Miro"]
[Black "Bilobrk, Franjo"]
[Result "0-1"]
[WhiteElo "2134"]
[BlackElo "2359"]
[PlyCount "58"]
[EventDate "2016.10.08"]
[EventType "team-tourn"]
[EventRounds "9"]
[EventCountry "CRO"]
[SourceTitle "EXT 2017"]
[Source "ChessBase"]
[SourceDate "2016.10.25"]
[SourceVersion "1"]
[SourceVersionDate "2016.10.25"]
[SourceQuality "1"]
[WhiteTeam "Sibenik"]
[BlackTeam "Bibinje Goran"]
[WhiteTeamCountry "CRO"]
[BlackTeamCountry "CRO"]

1. d4 Nf6 2. Nf3 e6 3. g3 b5 4. Bg2 Bb7 5. 0-0 d5 6. Qd3 a6 7. a4 b4 8. Bg5 c5 9. dxc5 Bxc5 10. Nbd2 Nbd7 11. Nb3 Be7 12. a5 0-0 13. Nfd4 Rc8 14. Bxf6 Nxf6 15. Rfd1 Qc7 16. Rac1 Rfd8 17. Bh3 Qe5 18. Nf3 Qxb2 19. Nbd4 Ne4 20. e3 Rc3 21. Qf1 Ra3 22. Ne5 Qc3 23. Nxf7 Kxf7 24. Bxe6+ Ke8 25. Rd3 Qc7 26. Rxa3 bxa3 27. Qh3 Ng5 28. Qh5+ g6 29. Qh6 Qe5 0-1